| 000 | 01048cam a2200337 i 4500 | ||
|---|---|---|---|
| 999 |
_c200447605 _d65817 |
||
| 001 | 200447605 | ||
| 003 | TR-AnTOB | ||
| 005 | 20230530001118.0 | ||
| 007 | ta | ||
| 008 | 981027s1998 tu 000 0 tur d | ||
| 020 | _a9755122893 | ||
| 035 | _a(TR-AnTOB)200447605 | ||
| 040 |
_aED$ _beng _erda _cED$ _dOCLCQ _dTVG _dBGZ _dTR-AnTOB |
||
| 041 | 0 | _atur | |
| 050 | 4 |
_aKKX3406 _b.S67 1998 |
|
| 090 |
_aKKX3406 _b.S67 1998 |
||
| 245 | 0 | 0 |
_aSorularla ithalat mevzuatı / _chaz. Tülay Sobutay. |
| 264 | 1 |
_aİstanbul : _bİstanbul Ticaret Odası, _c2004. |
|
| 300 |
_a47 pages ; _c20 cm |
||
| 336 |
_atext _btxt _2rdacontent |
||
| 337 |
_aunmediated _bn _2rdamedia |
||
| 338 |
_avolume _bnc _2rdacarrier |
||
| 490 | 0 |
_aİstanbul Ticaret Odası ; _vyayın no. 2004-10. |
|
| 500 | _a"Eylül 1998". | ||
| 650 | 7 |
_aDış ticaret yönetmeliği _zTürkiye _2etuturkob _919090 |
|
| 700 | 1 |
_aSobutay, Tülay _eeditor _9128022 |
|
| 710 | 2 |
_aİstanbul Ticaret Odası _919571 |
|
| 942 |
_2lcc _cBK |
||